Regionalismo viejo, regionalismo nuevo.
Kaydedildi:
| Yazar: | |
|---|---|
| Müşterek Yazar: | |
| Materyal Türü: | Kitap |
| Dil: | Spanish |
| Baskı/Yayın Bilgisi: |
Azcapotzalco, Distrito Federal, México
Universidad Autónoma Metropolitana
1981
|
| Konular: | |
| Etiketler: |
Etiketle
Etiket eklenmemiş, İlk siz ekleyin!
|
MARC
| LEADER | 00000nam a2200000 4500 | ||
|---|---|---|---|
| 003 | cru CIDCACS/IIS | ||
| 005 | 20190115154108.0 | ||
| 008 | 190115b1981 MX ||||| |||| 00| 0 spa d | ||
| 999 | |c 42034 |d 42034 | ||
| 040 | |c cru CIDCACS/IIS | ||
| 090 | |a REV0001 2(4) | ||
| 100 | |9 8190 |a Martínez Assad, Carlos. | ||
| 110 | |9 8191 |a Universidad Nacional Autónoma de México. |b Instituto de Investigaciones Sociales. | ||
| 245 | |a Regionalismo viejo, regionalismo nuevo. |c Carlos Martínez Assad. | ||
| 260 | |a Azcapotzalco, Distrito Federal, México |b Universidad Autónoma Metropolitana |c 1981 | ||
| 300 | |a Páginas 209-218 | ||
| 650 | 0 | |9 85 |a CIENCIA POLITICA | |
| 650 | 0 | |9 4911 |a GOBIERNO | |
| 650 | 0 | |9 306 |a ELECCIONES | |
| 650 | 0 | |9 243 |a ESTADO | |
| 650 | 0 | |9 1026 |a PODER | |
| 650 | 0 | |9 7069 |a REGIONALISMO | |
| 651 | 0 | |9 3410 |a MEXICO | |
| 773 | 0 | |0 18805 |9 2590 |d Azcapotzalco UAM |o 02234 |t AZCAPOTZALCO | |
| 942 | |2 ddc |c PP | ||
